Carta a la vidente
保存先:
| 第一著者: | |
|---|---|
| フォーマット: | 図書 |
| 言語: | スペイン語 |
| 出版事項: |
Barcelona
Tusquets
1983
|
| 版: | 4a. ed |
| シリーズ: | Cuadernos Infimos, 22
|
| 主題: | |
| タグ: |
タグ追加
タグなし, このレコードへの初めてのタグを付けませんか!
|
MARC
| LEADER | 00000nam a2200000 a 4500 | ||
|---|---|---|---|
| 001 | UCV9596 | ||
| 003 | CL-VaPUC | ||
| 008 | 921204e19830000SP |||||||||||||||||spa|d | ||
| 082 | 0 | 4 | |a 846 |b ART |2 21 |
| 100 | 0 | |a Artaud, Antonin |e author |9 303622 | |
| 245 | 1 | 0 | |a Carta a la vidente |
| 250 | |a 4a. ed | ||
| 300 | |a 84 p | ||
| 942 | |c BK | ||
| 945 | |d 19921204 00:00:00 | ||
| 260 | |a Barcelona |b Tusquets |c 1983 | ||
| 650 | 0 | |a Correspondencia |9 258963 | |
| 583 | |a last modification |c 19921204 00:00:00 |k Rodrigo Vera | ||
| 490 | 0 | |a Cuadernos Infimos, 22 | |
| 999 | |c 214908 |d 214906 | ||
| 952 | |0 0 |1 0 |4 0 |6 846_000000000000000_ART_1983 |7 0 |8 P |9 198736 |a BIBARQ |b BIBARQ |d 2019-11-14 |i 2661322 |o 846 ART 1983 |p 2661322 |r 2025-01-20 |w 2019-11-14 |y BK |k ARQ | ||